Music Quiz

Random Music or Rap Quiz

'Can I Kick It?' Lyrics Quiz Stats

Quiz not verified by Sporcle

Challenge
Share
Tweet
Embed
Score 0/288 Timer 10:00
0 Plays Today
Lyric % Correct
I
99.5%
I
99.5%
I
99.5%
I
99.5%
I
99.5%
Can
98.9%
it?
98.9%
can!) [x7]
98.9%
Can
98.9%
it?
98.9%
can
98.9%
Can
98.9%
it?
98.9%
it
98.9%
[Hook]
98.9%
[Verse 1: Q-Tip]
98.9%
[Hook]
98.9%
[Verse 2: Phife Dawg]
98.9%
kick
98.4%
kick
98.4%
kick
98.4%
you
97.8%
you
97.8%
you
97.8%
you
97.8%
you
97.8%
you
97.8%
ya,
97.8%
you
97.8%
you
97.8%
you
97.8%
(Yes
96.8%
a
96.8%
a
96.8%
a
96.8%
A
96.8%
A
96.8%
a
96.8%
a
96.8%
a
96.8%
a
96.8%
a
96.8%
a
96.8%
a
96.8%
a
96.8%
a
96.8%
a
96.8%
A
96.8%
Yes
96.8%
a
96.8%
a
96.8%
tribe
93.5%
tribe
93.5%
tribe
93.5%
tribe
93.5%
the
93%
the
93%
the
93%
the
93%
the
93%
the
93%
the
93%
the
93%
do
93%
the
93%
the
93%
the
93%
the
93%
the
93%
Do
93%
the
93%
the
93%
the
93%
the
93%
like
91.4%
like
91.4%
Like
91.4%
like
91.4%
like
91.4%
like
91.4%
To
89.2%
to
89.2%
to
89.2%
to
89.2%
To
89.2%
to
89.2%
to
89.2%
be
87.1%
be
87.1%
be
87.1%
does,
86.6%
(Go
85.5%
really
84.9%
really
84.9%
really
84.9%
really
84.9%
Lyric % Correct
really
84.9%
really
84.9%
we
82.8%
we
82.8%
we
82.8%
I'm
81.7%
I'm
81.7%
what
81.2%
what
81.2%
what
81.2%
that
80.1%
that
80.1%
that
80.1%
on
79.6%
quest
79.6%
on
79.6%
on
79.6%
Quest
79.6%
on
79.6%
all
78.5%
who
78.5%
in
78.5%
this
78%
know
78%
This
78%
this
78%
was?
77.4%
people
75.8%
is
74.7%
is
74.7%
is
74.7%
is
74.7%
of
74.2%
of
74.2%
of.
74.2%
of
74.2%
of
74.2%
of
74.2%
of
74.2%
Well
73.1%
your
72%
your
72%
your
72%
your
72%
your
72%
gone
70.4%
did
69.4%
my
69.4%
layers,
69.4%
my
69.4%
If
68.8%
if
68.8%
If
68.8%
if
68.8%
big
67.7%
big
67.7%
big
67.7%
us,
67.2%
us
67.2%
us
67.2%
flows
65.6%
Phife
65.6%
before
64%
and
64%
rhythm
64%
and
64%
rhythm
64%
rhythm
64%
rhythm
64%
love.
62.9%
love.
62.9%
for
62.4%
need
62.4%
for
62.4%
hug!
61.3%
now
61.3%
live
60.2%
then!)
59.7%
Mr.
59.7%
please
59.7%
mayor?
59.7%
track,
59.1%
jitterbug,
59.1%
track
59.1%
flavor!
59.1%
fun,
58.6%
Right
58.1%
funk
57%
At
56.5%
favor,
56.5%
studio
55.9%
come
55.4%
doing
55.4%
rug.
54.3%
would
53.8%
sayer.
53.2%
Lyric % Correct
lot
53.2%
feel
52.7%
Feel
52.7%
has
51.6%
feet
51.1%
good
51.1%
high
51.1%
wipe
50%
dove.
50%
times,
50%
arms
49.5%
that's
48.9%
As
48.9%
as
48.9%
tip
47.8%
with
47.8%
spread
46.8%
Boy
46.8%
fuzz,
46.2%
flies
46.2%
shrug,
45.7%
we're
45.7%
we're
45.7%
it's
45.2%
beat
45.2%
urge
45.2%
it's
45.2%
think
44.6%
glove,
44.6%
freak
44.1%
fits
44.1%
You'll
44.1%
you'll
44.1%
life
43%
conveyor,
43%
why
42.5%
Afrocentric
42.5%
wear?
42.5%
Comprehend
41.9%
you're
41.9%
fresh
41.9%
air.
41.9%
or
41.4%
living
40.9%
won't
40.9%
Dinkins,
40.9%
even
40.3%
filled
39.8%
breath
39.8%
garments
39.2%
above,
38.7%
Will
38.7%
box
38.7%
plus,
38.7%
major.
38.7%
minor
38.2%
cuz,
37.6%
Doesn't
37.6%
diss
36.6%
savior,
36.6%
funky
36.6%
behavior.
36.6%
snug
35.5%
positives,
35.5%
matter
35.5%
hair,
34.9%
gave
33.9%
When
33.3%
savor
32.8%
Gettin'
31.2%
obeyer.
30.6%
inhale
30.6%
plateau
30.1%
drop
29.6%
give
29%
Follow
28%
player,
27.4%
poem
26.3%
free,
26.3%
instruct
26.3%
comes
25.8%
pants,
25.8%
check
25.8%
recipe
25.3%
Rock
24.7%
roll
24.7%
shove?
21.5%
lower
19.4%
note
17.7%
doggy
17.2%
Make
17.2%
game
16.1%
vibers.
14%
Nipper
14%
rhythms,
10.8%
measures
8.6%

You're not logged in!

Compare scores with friends on all Sporcle quizzes.
Join for Free
OR
Log In

You Might Also Like...

Show Comments

Extras

Top Quizzes Today


Score Distribution

Your Account Isn't Verified!

In order to create a playlist on Sporcle, you need to verify the email address you used during registration. Go to your Sporcle Settings to finish the process.

Report this User

Report this user for behavior that violates our Community Guidelines.

Details: